Score 0/109 Timer 05:00
0 Plays Today
% Correct
the
88.7%
the
88.7%
the
88.7%
the
88.7%
and
76.9%
and
76.9%
and
76.9%
and
76.9%
and
76.9%
and
76.9%
and
76.9%
be
71.9%
you
70.3%
you
70.3%
you
70.3%
in
69.3%
In
69.3%
in
69.3%
in
69.3%
is
66.3%
is
66.3%
is
66.3%
is
66.3%
of
62%
If
61.8%
no
61.3%
no
61.3%
Violet,
59%
are
58.9%
this
58.2%
This
58.2%
this,
58.2%
Sunny
56.5%
children,
55.9%
Klaus,
55.5%
Baudelaire
53.8%
Baudelaire
53.8%
% Correct
to
52.8%
to
52.8%
there
52.6%
there
52.6%
not
51.9%
not
51.9%
happy
49.1%
happy
49.1%
happy
49.1%
happy
49.1%
happy
49.1%
story
46.1%
book.
45.3%
book,
45.3%
were
44.4%
were
44.4%
were
44.4%
ending,
44.3%
they
42.1%
they
42.1%
that
38.3%
that
38.3%
beginning
38.2%
would
37.2%
with
36.7%
with
36.7%
reading
36.4%
three
36%
middle.
35%
but
33.8%
but
33.8%
some
33.7%
only
32.8%
off
32.6%
very
31.9%
very
31.9%
how
31.9%
% Correct
was
29.9%
stories
28.9%
endings,
28.6%
better
28.1%
other
27.7%
interested
27.4%
things
26.6%
things
26.6%
had
26.1%
because
26%
lives
25.9%
few
25.1%
tell
23.4%
goes.
22.6%
many
22.5%
them
21.6%
intelligent
20.2%
I’m
19.7%
happened
18.4%
happened
18.4%
pleasant
17.1%
facial
16.9%
features,
16.7%
sorry
16.5%
youngsters.
14.1%
unlucky,
14.1%
resourceful,
12%
charming,
11.7%
most
11.2%
misery,
11.1%
everything
10.5%
misfortune,
10.3%
extremely
10.2%
despair.
8.9%
rife
8.8%
Remove Ads.
Support Sporcle.
Get the best of Sporcle when you Go Orange. This ad-free experience offers more features, more stats, and more fun while also helping to support Sporcle. Thank you for becoming a member.

You're not logged in!

Compare scores with friends on all Sporcle quizzes.
OR
Log In

Show Comments

Extras

Top Quizzes Today


Score Distribution

Your Account Isn't Verified!

In order to create a playlist on Sporcle, you need to verify the email address you used during registration. Go to your Sporcle Settings to finish the process.

Report this User

Report this user for behavior that violates our Community Guidelines.

Details: